000 00567nam a2200181Ia 4500
008 090123s9999 xx 000 0 und d
082 _b28847
100 _aकणेकर शिरिष मधुकर
245 _aचापलुसकी
250 _a0
260 _bश्रीकल्प प्रकाशन
300 _a197
600 _aकणेकर शिरिष मधुकर
630 _aचापलुसकी
700 _aकणेकर शिरिष मधुकर
730 _aचापलुसकी
942 _cBOOK
999 _c67428
_d67428